000 00643nam a2200205Ia 4500
001 12818
003 GE_BSU
008 181216s||||||||xx |||||||||||||| ||und||
040 _cGE_BSU
080 _a631.8
100 _aАлексеев,Е.И.
245 _aТеория ипрактика зеленого удобрения
245 _bРуков-во для агрономов нечерноземной полосы
260 _aМосква
260 _bСельхозгиз
260 _c1936
300 _a336стр.илл.20см.
653 _aТеория ипрактика зеленого удобрения
942 _cBK
999 _c45989
_d45989